000 00351nam a2200133Ia 4500
008 220217s9999||||xx |||||||||||||| ||und||
020 _a81-265-0201-2
082 _a005.133 BUR
100 _aBurd, Barry
_92629
245 0 _aJSP: java server pages
260 _aHungry minds
_bNew Delhi
_c2001
300 _b299
650 _aPROGRAMMING LANGUAGE
999 _c169503
_d169503